| 000 | 00539nam a2200181Ia 4500 | ||
|---|---|---|---|
| 005 | 20250508150430.0 | ||
| 008 | 008 250505s9999 xx 000 0 eng d | ||
| 037 | _aTextual | ||
| 040 |
_aFEDL _beng _cFEDL |
||
| 041 |
_aeng _2eng |
||
| 084 |
_a641.1, CLA _qFEDL |
||
| 100 |
_aClark F LE Gros _9347967 |
||
| 245 | 0 | _aFeeding the human family : Science plans for the world larder | |
| 260 |
_aLondon, UK _bSigma Introduction to Science _c1947 |
||
| 300 | _a125p. | ||
| 942 |
_cTEXL _h641.1, CLA |
||
| 999 |
_c1323609 _d1323609 |
||